000 00606nam a22002177a 4500
003 UA-OsUOA
001 46223
007 ta
008 20070611b un ||||| |||| 00| 0 ukr d
100 _aНаумець І.
090 _a908
_bН-11
942 _cSA
040 _aUA-OsUOA
_bukr
_cUA-OsUOA
_dUA-OsUOA
245 _aЗа нетрадиційну зовнішність інки розплачувались життям, а острозький студент...
300 _aС.5
955 _a0
041 _aukr
080 _a908
773 0 _w46219
650 7 _a908 Краєзнавство
_2UDC
999 _c332322
_d332322